000 005150000a22001930004500
001 003406
003 MACL
005 20150730164138.0
008 150730b xxu||||| |||| 00| 0 eng d
040 _aMACL
_cMACL
041 _aEnglish
082 _a351/AGA
100 _aAgarwal, U.C.
_93580
245 _aPublic Administration: Vision & Reality
_cU.C. Agarwal
260 _aNew Delhi
_bIndian Institute Of Public Administration
350 _a495
650 _aPublic Administation
_93385
942 _k351
_cBK
_2ddc
999 _c15307
_d15307